All 500k+ Cities in China on a Map - Statistics

General Stats
  • This quiz has been taken 367 times
    355 since last reset
  • The average score is 101 of 339
Answers on the Map
Answers color-coded by a green-red scale on the quiz's map according to % correct below.
 
Answer Stats
Population City % Correct
18,960,744 Beijing
93%
21,909,814 Shanghai
92%
16,096,724 Guangzhou
91%
10,494,879 Wuhan
89%
9,580,819 Chongqing
88%
11,052,404 Tianjin
88%
17,444,609 Shenzhen
87%
9,392,938 Xi'an
87%
13,568,357 Chengdu
86%
549,189 Dali
85%
5,242,897 Harbin
85%
9,236,032 Hangzhou
83%
3,842,560 Urumqi
83%
4,913,879 Dalian
82%
4,617,251 Xiamen
82%
7,519,814 Nanjing
80%
6,165,279 Qingdao
80%
5,273,144 Kunming
79%
7,026,358 Shenyang
76%
5,630,256 Changsha
75%
1,024,407 Changsha County
75%
3,723,454 | 663,329 Fuzhou
75%
6,461,013 Zhengzhou
75%
5,055,978 Hefei
73%
5,648,162 Jinan
73%
4,582,703 Nanning
70%
3,731,203 Ningbo
69%
9,644,871 Dongguan
68%
568,927 Lhasa
67%
5,892,892 | 920,722 Suzhou
67%
2,349,239 Haikou
65%
3,012,577 Lanzhou
65%
5,090,440 Shijiazhuang
65%
4,557,356 Changchun
64%
4,303,673 Taiyuan
63%
4,021,275 Guiyang
62%
2,373,399 Hohhot
62%
2,582,017 Wenzhou
62%
9,042,509 Foshan
61%
3,838,900 Shantou
61%
1,509,292 Jilin
59%
3,956,985 Wuxi
57%
2,104,114 Baotou
55%
2,230,661 Luoyang
55%
3,518,975 | 916,463 Nanchang
55%
2,743,843 Linyi
54%
2,311,885 Yantai
54%
2,750,312 Zibo
53%
1,348,327 | 1,485,502 Taizhou
51%
1,677,177 Xining
51%
2,845,552 Xuzhou
51%
1,480,332 Anshan
50%
2,987,600 Nantong
50%
2,207,090 Zhuhai
50%
3,187,315 Changzhou
49%
2,900,113 Huizhou
49%
1,193,802 Kaifeng
49%
1,940,384 Baoding
48%
1,307,802 Maoming
48%
1,187,772 Anyang
47%
1,604,027 Daqing
47%
1,255,619 Huainan
47%
1,998,405 Weifang
47%
1,662,968 Yinchuan
47%
1,361,244 Guilin
46%
2,204,841 Liuzhou
46%
1,339,645 Weihai
46%
1,598,165 Wuhu
46%
1,804,611 Huai'an
45%
2,549,968 Tangshan
45%
1,128,479 Luzhou
43%
1,469,157 Quanzhou
43%
2,067,254 Yangzhou
43%
1,100,719 Changde
42%
1,457,510 Cixi
42%
1,809,505 Datong
42%
1,778,132 Ganzhou
42%
1,700,054 Jining
42%
1,254,455 Nanchong
42%
724,854 Sanya
42%
1,416,591 Tai'an
42%
2,095,134 Handan
41%
1,083,953 Huzhou
41%
1,549,499 Mianyang
41%
1,795,459 Jiangmen
40%
1,510,148 Zhuzhou
40%
3,841,873 Zhongshan
39%
2,333,080 Shaoxing
38%
1,481,384 Yiwu
38%
1,565,071 Zhangzhou
38%
1,400,709 Zhanjiang
38%
1,021,478 Jinzhou
37%
671,048 Ordos
37%
1,539,389 Putian
37%
1,686,403 Xiangyang
37%
728,791 | 877,561 Yulin
37%
1,339,384 Zhangjiakou
37%
1,040,948 Jinhua
36%
1,520,199 Qinhuangdao
36%
1,077,704 Bengbu
35%
1,093,068 Chifeng
35%
1,185,130 Hengyang
35%
1,293,767 Heze
35%
1,407,616 Nanyang
35%
1,045,966 Pingdingshan
35%
1,480,754 Xingtai
35%
1,353,475 Yancheng
35%
1,675,245 Zunyi
35%
1,135,817 Dazhou
34%
1,271,350 Xinxiang
34%
1,125,448 Yueyang
34%
748,983 Dandong
33%
715,268 Ezhou
33%
1,191,810 Fuyang
33%
1,331,352 Jiangyin
33%
1,188,321 Jiaxing
33%
1,197,581 Qingyuan
33%
1,284,305 Yichang
33%
1,107,702 Baoji
32%
830,891 Huaibei
32%
1,192,776 Xianyang
32%
1,014,843 Xinyang
32%
651,091 Beihai
31%
759,403 Cangzhou
31%
764,241 Huludao
31%
824,397 Puyang
31%
1,031,123 Shangqiu
31%
523,001 Zhoukou
31%
1,254,007 Chaozhou
30%
1,228,890 Fushun
30%
1,147,175 Rizhao
30%
1,342,220 Shangrao
30%
665,910 Wuzhou
30%
843,372 Dezhou
29%
886,490 Langfang
29%
1,071,019 Lianyungang
29%
1,069,940 Lu'an
29%
784,608 Ma'anshan
29%
575,197 Cangnan
28%
850,403 Xuchang
28%
1,123,813 Zhenjiang
28%
950,215 Jingzhou
27%
1,020,430 Liaocheng
27%
1,081,559 Suqian
27%
1,349,883 Zaozhuang
27%
1,035,810 Zhaoqing
27%
645,653 Zhoushan
27%
808,221 Benxi
26%
961,300 Dongying
26%
921,440 Guigang
26%
874,733 Jiaozuo
26%
1,242,906 Jieyang
26%
1,078,149 Wanzhou
26%
978,000 Xiangtan
26%
1,100,737 Yibin
26%
1,230,599 Changshu
25%
1,047,461 Changzhi
25%
604,354 Chengde
25%
808,216 Mudanjiang
25%
980,422 Panjin
25%
976,161 Qujing
25%
703,612 Shaoyang
25%
885,468 Hengshui
24%
698,557 Jiamusi
24%
626,019 Jixi
24%
696,393 Linfen
24%
646,461 Binzhou
23%
699,855 Fuxin
23%
1,652,159 Kunshan
23%
802,817 Leshan
23%
606,797 Liupanshui
23%
771,052 Qinzhou
23%
1,012,731 Rui'an
23%
954,914 Shiyan
23%
937,438 Tengzhou
23%
728,501 Anqing
22%
957,424 Jiujiang
22%
764,504 Liaoyang
22%
592,575 Yingkou
22%
868,565 Zigong
22%
1,416,151 Jinjiang
21%
807,745 Luohe
21%
514,068 Ankang
20%
648,861 Chuzhou
20%
744,774 Fuqing
20%
654,726 Gulja
20%
576,688 Quzhou
20%
752,900 Tianshui
20%
859,595 Yangjiang
20%
750,569 Bozhou
19%
695,894 Huangshi
19%
886,257 Liuyang
19%
761,879 Rugao
19%
502,908 Tianmen
19%
647,938 Tongliao
19%
530,877 Wuhai
19%
630,612 Yanji
19%
1,055,893 Zhangjiagang
19%
754,320 Zhumadian
19%
608,859 Deyang
18%
571,043 Hebi
18%
694,495 Meizhou
18%
733,839 Pingxiang
18%
935,668 Puning
18%
1,029,522 Qiqiha'er
18%
1,013,866 Yuyao
18%
819,883 Chenzhou
17%
936,897 Nan'an
17%
686,063 Panzhihua
17%
803,375 Shaoguan
17%
737,782 Yichun
17%
536,351 | 692,003 Yuncheng
17%
534,993 Dengzhou
16%
673,476 Hanzhong
16%
540,820 Jingdezhen
16%
628,028 Jingmen
16%
732,757 Meishan
16%
683,732 Neijiang
16%
551,749 Songyuan
16%
758,408 Yiyang
16%
920,913 Wenling
15%
717,107 Xinyu
15%
647,272 Yangquan
15%
638,563 Yongkang
15%
580,995 Chaoyang
14%
514,826 Hegang
14%
574,665 Jincheng
14%
761,440 Laiwu
14%
850,815 Pizhou
14%
534,528 Qingzhou
14%
986,247 Shuyang
14%
889,871 Yixing
14%
694,392 Yongzhou
14%
565,152 Yuzhou
14%
560,686 Hezhou
13%
716,222 Jinzhong
13%
589,902 Shishi
13%
614,577 | 829,356 Suining
13%
742,452 Xiaogan
13%
549,911 Xinyi
13%
949,585 Yueqing
13%
679,204 Zhucheng
13%
762,917 Zhuji
13%
513,850 Anshun
12%
608,152 Bazhong
12%
792,584 Danyang
12%
577,440 Dingzhou
12%
556,842 Guangyuan
12%
652,210 Guiping
12%
601,165 Hai'an
12%
662,950 Heyuan
12%
583,156 Huaihua
12%
584,053 Hui'an
12%
817,888 Jiangjin
12%
531,511 Laibin
12%
722,334 Longyan
12%
588,317 Loudi
12%
545,474 Lufeng
12%
526,606 Suizhou
12%
508,065 Weinan
12%
774,715 Xintai
12%
589,260 Zhaotong
12%
755,941 Zoucheng
12%
695,174 Bijie
11%
801,151 Fuling
11%
640,377 Huidong
11%
551,458 Linhai
11%
516,205 Longkou
11%
759,080 Ningxiang
11%
626,040 Tongling
11%
803,458 Yongchuan
11%
501,475 Fengcheng
10%
680,033 Haicheng
10%
537,278 Haifeng
10%
608,485 Kaizhou
10%
529,641 Leiyang
10%
584,474 Pingnan
10%
580,157 Qidong
10%
760,107 Sanhe
10%
590,331 Shaodong
10%
619,033 Taixing
10%
752,155 Xiantao
10%
636,367 Xichang
10%
691,922 Xuanwei
10%
535,680 Bishan
9%
738,721 Dongyang
9%
752,775 Haining
9%
613,996 Jiaozhou
9%
519,243 Kaili
9%
566,537 Liling
9%
532,286 Pingyang
9%
728,588 Shouguang
9%
690,641 Tongxiang
9%
529,272 Xinmi
9%
787,544 Xinzheng
9%
573,761 Beiliu
8%
712,593 Boluo
8%
505,131 Dazu
8%
552,844 Gaomi
8%
795,780 Hechuan
8%
591,224 Jianyang
8%
539,951 Linzhou
8%
586,830 Taicang
8%
649,497 Xingyi
8%
644,718 Yongcheng
8%
599,279 Bobai
7%
529,170 Daye
7%
504,761 Fengxian
7%
547,969 Hanchuan
7%
593,963 Minhou
7%
505,076 Pingjiang
7%
649,849 Xinghua
7%
529,857 Zouping
7%
521,702 Changyuan
6%
506,989 Donghai
6%
600,866 Feicheng
6%
511,241 Gongyi
6%
519,957 Pingdu
6%
500,510 Qijiang
6%
512,131 Rudong
6%
524,562 Dongtai
5%
595,392 Caoxian
4%
569,229 Ganyu
4%
505,006 Linquan
4%
596,272 Peixian
4%
509,945 Shanxian
4%
525,208 Sihong
4%
510,517 Siyang
4%
614,876 Taihe
4%
601,520 Feidong
3%
612,477 Feixi
3%
544,564 Zhongmou
2%
No matching quizzes found
Score Distribution
Percent of People with Each Score
Percentile by Number Answered
Your Score History
You have not taken this quiz since the last reset